[Event "BLR-ch U20 Girls"]
[Site "Minsk"]
[Date "2017.04.30"]
[Round "4"]
[White "Badelka, Olga"]
[Black "Fiadosenka, Rahneda"]
[Result "0-1"]
[WhiteElo "2362"]
[BlackElo "2045"]
[PlyCount "120"]
[EventDate "2017.04.27"]
[EventType "tourn"]
[EventRounds "7"]
[EventCountry "BLR"]
[SourceTitle "CBM 178 Extra"]
[Source "ChessBase"]
[SourceDate "2017.06.22"]
[SourceVersion "1"]
[SourceVersionDate "2017.06.22"]
[SourceQuality "1"]

1. c4 c5 2. Nc3 Nc6 3. g3 g6 4. Bg2 Bg7 5. d3 e6 6. Nh3 Nge7 7. Nf4 Rb8 8. Bd2 d6 9. a3 a6 10. h4 h5 11. Rb1 b5 12. cxb5 axb5 13. b4 cxb4 14. axb4 d5 15. Qc1 Qb6 16. 0-0 Bd7 17. e4 d4 18. Nce2 0-0 19. Qc5 Qxc5 20. bxc5 b4 21. Nc1 Rb5 22. Nb3 Ra8 23. Rfc1 Ra2 24. Rc4 Bc8 25. Be1 Ba6 26. Nc1 Ra4 27. Rc2 Ne5 28. Nb3 N7c6 29. Bf1 Nf3+ 30. Kg2 Nxe1+ 31. Rxe1 Na5 32. Rb1 Nxb3 33. Rxb3 Bf8 34. c6 Ra3 35. Rb1 Rc3 36. Ra2 Rxc6 37. Be2 Rbb6 38. Rb3 Rc3 39. Bd1 Bd6 40. Bc2 Rxb3 41. Bxb3 Bxf4 42. gxf4 Bxd3 43. f3 Bb5 44. Ra8+ Kg7 45. Rd8 d3 46. Rd4 Ba6 47. Kf2 Kf6 48. Ke3 Ke7 49. Kd2 Rb7 50. e5 Rb6 51. Ke3 Rb5 52. Bc4 Ra5 53. Bxa6 Rxa6 54. Rxb4 Ra2 55. Kxd3 Rh2 56. Ke3 Kf8 57. Ra4 Rxh4 58. Kf2 Kg7 59. Kg3 g5 60. Re4 Rxf4 0-1

[Event "BLR-ch U20 Girls"]
[Site "Minsk"]
[Date "2017.04.27"]
[Round "1"]
[White "Fiadosenka, Rahneda"]
[Black "Khrapko, Marharyta"]
[Result "1-0"]
[WhiteElo "2045"]
[BlackElo "2050"]
[PlyCount "77"]
[EventDate "2017.04.27"]
[EventType "tourn"]
[EventRounds "7"]
[EventCountry "BLR"]
[SourceTitle "CBM 178 Extra"]
[Source "ChessBase"]
[SourceDate "2017.06.22"]
[SourceVersion "1"]
[SourceVersionDate "2017.06.22"]
[SourceQuality "1"]

1. e4 c5 2. Nf3 Nc6 3. Bb5 g6 4. Bxc6 dxc6 5. d3 Bg7 6. h3 Nf6 7. Nc3 0-0 8. Be3 b6 9. Qd2 Re8 10. 0-0-0 e5 11. Ne2 Ba6 12. Qc3 Qc7 13. Nd2 Nd7 14. Qa3 Qc8 15. h4 Nf8 16. h5 Ne6 17. hxg6 fxg6 18. Qb3 Kh8 19. Rh3 Nf8 20. Rdh1 Qe6 21. Qa3 Bc8 22. Nf3 Bf6 23. Nh4 Qe7 24. R3h2 Kg8 25. Qc3 Bg4 26. f3 Be6 27. Qd2 Rad8 28. f4 Bxa2 29. f5 Bf7 30. g4 Bxh4 31. Rxh4 Qd7 32. Bh6 c4 33. Bxf8 cxd3 34. Rxh7 Kxf8 35. Qh6+ Ke7 36. Rxf7+ Kxf7 37. Qxg6+ Kf8 38. Rh8+ Ke7 39. Rh7+ 1-0

[Event "EU-ch U16 Girls 24th"]
[Site "Batumi"]
[Date "2014.10.22"]
[Round "4"]
[White "Ciungan, Diana Alexandra"]
[Black "Fiadosenka, Rahneda"]
[Result "1/2-1/2"]
[WhiteElo "1762"]
[BlackElo "1941"]
[PlyCount "44"]
[EventDate "2014.10.19"]
[EventType "swiss"]
[EventRounds "9"]
[EventCountry "GEO"]
[SourceTitle "EXT 2015"]
[Source "ChessBase"]
[SourceDate "2014.11.20"]
[SourceVersion "1"]
[SourceVersionDate "2014.11.20"]
[SourceQuality "1"]

1. e4 c5 2. Nf3 Nc6 3. Bb5 g6 4. Bxc6 bxc6 5. c3 Bg7 6. 0-0 Nf6 7. e5 Nd5 8. d4 cxd4 9. cxd4 0-0 10. Bd2 Ba6 11. Re1 Qb6 12. b3 c5 13. Nc3 Nxc3 14. Bxc3 cxd4 15. Bxd4 Qb7 16. Bc5 Rfe8 17. Rc1 Rac8 18. Qd2 Bb5 19. Qb4 Bc6 20. Qxb7 Bxb7 21. Bxa7 Ra8 22. Bc5 Rxa2 1/2-1/2

[Event "EU-ch U16 Girls 24th"]
[Site "Batumi"]
[Date "2014.10.21"]
[Round "3"]
[White "Fiadosenka, Rahneda"]
[Black "Choladze, Tea"]
[Result "1/2-1/2"]
[WhiteElo "1941"]
[BlackElo "1760"]
[PlyCount "61"]
[EventDate "2014.10.19"]
[EventType "swiss"]
[EventRounds "9"]
[EventCountry "GEO"]
[SourceTitle "EXT 2015"]
[Source "ChessBase"]
[SourceDate "2014.11.20"]
[SourceVersion "1"]
[SourceVersionDate "2014.11.20"]
[SourceQuality "1"]

1. e4 c5 2. Nf3 d6 3. Bb5+ Bd7 4. Bxd7+ Qxd7 5. 0-0 Nc6 6. c4 g6 7. d4 cxd4 8. Nxd4 Bg7 9. Be3 Nf6 10. f3 Rc8 11. b3 0-0 12. Nc3 Ne8 13. Rc1 Nc7 14. Qd2 Ne6 15. Nxe6 Qxe6 16. Nb5 b6 17. Rcd1 Rcd8 18. Qf2 Qc8 19. Nc3 Rd7 20. f4 f5 21. Qd2 e6 22. exf5 Rxf5 23. Ne4 d5 24. Ng3 Rf8 25. cxd5 Rxd5 26. Qe2 Rxd1 27. Qxd1 Rd8 28. Qc2 Ne7 29. Qxc8 Rxc8 30. Rc1 Rxc1+ 31. Bxc1 1/2-1/2

[Event "EU-ch U16 Girls 24th"]
[Site "Batumi"]
[Date "2014.10.20"]
[Round "2"]
[White "Drogovoz, Irina"]
[Black "Fiadosenka, Rahneda"]
[Result "1-0"]
[WhiteElo "2313"]
[BlackElo "1941"]
[PlyCount "113"]
[EventDate "2014.10.19"]
[EventType "swiss"]
[EventRounds "9"]
[EventCountry "GEO"]
[SourceTitle "EXT 2015"]
[Source "ChessBase"]
[SourceDate "2014.11.20"]
[SourceVersion "1"]
[SourceVersionDate "2014.11.20"]
[SourceQuality "1"]

1. e4 Nf6 2. e5 Nd5 3. d4 d6 4. c4 Nb6 5. exd6 exd6 6. Bd3 Be7 7. Ne2 Nc6 8. Nbc3 0-0 9. Be3 Nb4 10. 0-0 Nxd3 11. Qxd3 g6 12. b3 c6 13. Ng3 d5 14. c5 Nd7 15. Bh6 Re8 16. f4 f5 17. Nxf5 Nxc5 18. Nxe7+ Qxe7 19. dxc5 Qxc5+ 20. Kh1 Bf5 21. Qd2 d4 22. Ne2 Rad8 23. Ng3 Qc2 24. Rad1 Qxd2 25. Rxd2 Bc8 26. h3 Rd5 27. Bg5 Kf7 28. Bh4 c5 29. Ne2 Bf5 30. Bf2 h5 31. Ng1 Be4 32. Re1 d3 33. Nf3 Bxf3 34. Rxe8 Kxe8 35. gxf3 b5 36. Rd1 c4 37. bxc4 bxc4 38. Be1 Rd6 39. Bb4 Re6 40. Re1 Kf7 41. Rxe6 Kxe6 42. Kg2 Kd5 43. Bc3 d2 44. Bxd2 Kd4 45. Kg3 Kd3 46. Bb4 Kc2 47. Kh4 Kb2 48. a3 c3 49. Bxc3+ Kxc3 50. Kg5 Kb3 51. Kxg6 Kxa3 52. f5 a5 53. f6 a4 54. f7 Kb2 55. f8Q a3 56. Kxh5 a2 57. f4 1-0

[Event "Wch U16 Girls"]
[Site "Al Ain"]
[Date "2013.??.??"]
[Round "2"]
[White "Messaoui, Amira"]
[Black "Fiadosenka, Rahneda"]
[Result "0-1"]
[WhiteElo "1605"]
[BlackElo "1845"]
[PlyCount "78"]
[EventDate "2013.12.18"]
[EventType "swiss"]
[EventRounds "11"]
[EventCountry "UAE"]
[SourceTitle "CBM 158 Extra"]
[Source "ChessBase"]
[SourceDate "2014.02.28"]
[SourceVersion "1"]
[SourceVersionDate "2014.02.28"]
[SourceQuality "1"]

1. e4 c5 2. Nf3 Nc6 3. d4 cxd4 4. Nxd4 Nf6 5. Nc3 e5 6. Nf3 Bb4 7. Bd3 d5 8. Nd2 Bxc3 9. bxc3 0-0 10. 0-0 Be6 11. Qe2 Qc7 12. Bb2 Rad8 13. h3 Rd7 14. Rfe1 Rfd8 15. Nf3 dxe4 16. Bxe4 Nxe4 17. Qxe4 Bd5 18. Qe2 Bxf3 19. Qxf3 Rd2 20. Re2 Rd1+ 21. Re1 Rxa1 22. Rxa1 Rd2 23. Rc1 Qb6 24. Ba3 Qa5 25. Qe3 Rd5 26. c4 Rd7 27. Ra1 Nd4 28. Re1 f6 29. Qd3 Qa4 30. Kh2 Ne6 31. Qb3 Qc6 32. c3 Rd2 33. Rf1 Nf4 34. f3 Rxg2+ 35. Kh1 Rg3 36. Qb5 Rxh3+ 37. Kg1 Rg3+ 38. Kh2 Rg2+ 39. Kh1 Qe6 0-1